The grand camouflage (Record no. 105407)

MARC details
000 -LEADER
campo de control de longitud fija 00720nam a2200205 i 4500
001 - NÚMERO DE CONTROL
campo de control 105407
003 - IDENTIFICADOR DE NÚMERO DE CONTROL
campo de control ES-MaACL
005 - FECHA Y HORA DE LA ÚLTIMA TRANSACCIÓN
campo de control 20230906183856.0
007 - CAMPO FIJO DE DESCRIPCIÓN FÍSICA--INFORMACIÓN GENERAL
campo de control de longitud fija t|
008 - DATOS DE LONGITUD FIJA--INFORMACIÓN GENERAL
campo de control de longitud fija 060707s1961 xxu ||||1| eng d
080 ## - NÚMERO DE LA CLASIFICACIÓN DECIMAL UNIVERSAL
Número de la Clasificación Decimal Universal 330.85(460)"1936/39"
080 ## - NÚMERO DE LA CLASIFICACIÓN DECIMAL UNIVERSAL
Número de la Clasificación Decimal Universal 94(460)"1936/39"
100 1# - ENTRADA PRINCIPAL--NOMBRE DE PERSONA
Nombre de persona Bolloten, Burnett.
9 (RLIN) 29995
245 14 - MENCIÓN DEL TÍTULO
Título The grand camouflage
Resto del título : the communist conspiracy in the Spanish Civil War /
Mención de responsabilidad, etc. by Burnett Bolloten.
260 ## - PUBLICACIÓN, DISTRIBUCIÓN, ETC.
Lugar de publicación, distribución, etc. New York :
Nombre del editor, distribuidor, etc. Frederick A. Praeger,
Fecha de publicación, distribución, etc. [1961]
300 ## - DESCRIPCIÓN FÍSICA
Extensión 350 p., [8] p. de lám. ;
Dimensiones 23 cm.
650 14 - PUNTO DE ACCESO ADICIONAL DE MATERIA--TÉRMINO DE MATERIA
Término de materia o nombre geográfico como elemento de entrada Comunismo-
Subdivisión geográfica España-
Subdivisión cronológica 1931-1939.
9 (RLIN) 11218
651 #4 - PUNTO DE ACCESO ADICIONAL DE MATERIA--NOMBRE GEOGRÁFICO
Nombre geográfico España-
Subdivisión general Historia-
Subdivisión cronológica 1936-1939, Guerra civil.
9 (RLIN) 8292
852 ## - LOCALIZACIÓN
Ubicación ES-MaACL
Número de control de estantería AND-202
Nota libre - Biblioteca Juan Andrade
Holdings
Estatus retirado Estado de pérdida Estado de daño No para préstamo Biblioteca de origen Biblioteca actual Ubicación en estantería Fecha de adquisición Fuente de adquisición Total de préstamos Signatura topográfica completa Código de barras Visto por última vez Precio de reemplazo Tipo de ítem Koha
        Biblioteca del Ateneo de Madrid Biblioteca del Ateneo de Madrid Depósito 2 17/01/2008     AND-202 1110042 23/02/2023 23/02/2023 Libro impreso